000 00433ntaaa2200181 4500
003 01
005 20251027201937.0
008 0714s1973 ag 01
040 _aAR-BaBN
_bspa
_cAR-BaBN
_eaacr
_dRIC
082 _a245.0000 M52
100 _aMendoza, Vicente
_918001
245 _aHimnos selectos
250 _a10 ed. :
_bAurora,
_c1904, c/952
300 _a277 p.
500 _aedición de letra
650 _aHimnario
942 _cBK
999 _c14150
_d14150